Computational geometry--curve and surface modeling
Saved in:
| Main Author: | |
|---|---|
| Other Authors: | |
| Format: | Book |
| Language: | English Chinese |
| Published: |
Boston :
Academic Press,
c1989
|
| Subjects: | |
| Tags: |
Add Tag
No Tags, Be the first to tag this record!
|
MARC
| LEADER | 00000cam a2200000 i 4500 | ||
|---|---|---|---|
| 001 | 1/62001 | ||
| 008 | 941103s1989 eng d | ||
| 020 | |a 0126756104 | ||
| 035 | |l 10046535 | ||
| 035 | |a 1992 |c ΓΕΩΡΓΑΚΟΠΟΥΛΟΣ | ||
| 040 | |a GR-MY-UA |b gre |e aacr | ||
| 041 | 1 | |a eng |h chi | |
| 082 | 0 | |a 516 |2 (19) | |
| 100 | 1 | |a Su, Buqing |d 1902- | |
| 245 | 1 | 0 | |a Computational geometry--curve and surface modeling / |c Su Bu-qing, Liu Ding-yuan ; translated by Chang Geng-zhe |
| 260 | |a Boston : |b Academic Press, |c c1989 | ||
| 300 | |a x, 295 p.; |b ill.; |c 23 cm | ||
| 500 | |a Translation of: Chi suan chi ho | ||
| 500 | |a Includes index | ||
| 504 | |a Bibliography: p. 267-291 | ||
| 650 | 0 | 0 | |a Geometry |x Data processing. |
| 700 | 1 | |a Liu, Ting-yuan. | |
| 852 | |a INST |b SAMOS |e 19941103 |h 516 SUB |p 005300004763 |q 005300004763 |t BK |y 0 | ||
| 909 | |a Σ |b 023067 | ||